Sčítanie ľudu, domov a bytov 1.11. 1980 byty a ich obývateľnosť podľa druhu domácnosti a počtu osôb SSR [1]

Bibliographic Details
Format: Book
Language:Slovak
PhysicalDescription:331 s. 22x31 cm
Published: [Bratislava] Federálny štatistický úrad 1982
Series:Československá štatistika. SĽ
Subjects:

MARC

LEADER 00000nam a2200000 a 4500
001 vtls001414974
003 SK-MaSNL
005 20260425234903.0
008 251113s1982 xo r 0 slo
020 |c b.c. 
035 |a SNK000369708 
040 |a SNK  |b slo  |c SNK  |e AACR2 
041 0 |a slo 
044 |a xo  |c SK 
080 |a 312.5(437.6)"1980"  |2 1981 
245 1 |a Sčítanie ľudu, domov a bytov 1.11. 1980  |b byty a ich obývateľnosť podľa druhu domácnosti a počtu osôb SSR  |n [1] 
260 |a [Bratislava]  |b Federálny štatistický úrad  |c 1982 
300 |a 331 s.  |c 22x31 cm 
490 1 |a Československá štatistika. SĽ  |v 5 
500 |a Čiast. text čes. 
648 7 |a 1980  |2 SNK  |9 279231 
650 0 7 |a byty  |2 SNKPH  |9 3905 
650 0 7 |a sčítanie obyvateľstva  |2 SNKPH  |9 4658 
651 7 |a Slovensko  |2 SNKPHgeo  |9 14231 
830 0 |a Československá štatistika. SĽ  |9 297866 
958 |a OND 
999 |c 812501  |d 814431 
952 |t P60, <03>, [BOOK], {603}  |a SNK  |b SNK  |y PREZ  |7 0  |p 17A0307212  |o snkOSC 21259/[1]  |i snkD 973/2001  |0 0  |1 0  |4 0  |d 2001-06-12  |l 0  |r 2005-01-02 00:00:00  |w 2026-02-24